[Event "Beijing FIDE GP"]
[Site "Beijing"]
[Date "2013.07.09"]
[Round "5"]
[White "Ivanchuk, Vassily"]
[Black "Wang, Yue"]
[Result "1-0"]
[WhiteElo "2733"]
[BlackElo "2705"]
[Annotator "Szabo,Kr"]
[PlyCount "83"]
[EventDate "2013.07.04"]
[EventType "tourn"]
[EventRounds "11"]
[EventCountry "CHN"]
[EventCategory "21"]
[SourceTitle "CBM 156"]
[Source "ChessBase"]
[SourceDate "2013.09.17"]
[SourceVersion "1"]
[SourceVersionDate "2013.09.17"]
[SourceQuality "1"]

1. e4 c5 2. Nf3 e6 3. d4 cxd4 4. Nxd4 Nc6 5. Nb5 d6 6. c4 Nf6 7. N1c3 a6 8. Na3
Be7 9. Be2 O-O 10. O-O b6 11. Be3 Bb7 12. Qb3 {This is the main move. White
wants to attack the b6 P, so Black has not enough time to play the typical
hedgehog plan by Ne5-d7.} Nd7 13. Rac1 (13. Rfd1 Nc5 14. Qc2 (14. Bxc5 $2 {
doesn't work, as} bxc5 15. Qxb7 $2 Na5 $19) 14... Bf6 15. Rac1 {transposes to
the game.}) 13... Nc5 14. Qc2 Bf6 15. Rfd1 Be5 (15... Bxc3 16. Qxc3 Nxe4 17.
Qb3 $1) 16. Nab1 Qh4 (16... f5 17. f4 Bxc3 18. Nxc3 fxe4 19. Qd2 $1 {Naiditsch
improves on the gamevwhich he played in 2006 against Mamedyarov.} (19. a3 e5 (
19... Ne7 $5) 20. Nd5 $1 Nd4 21. Bxd4 exd4 22. Rxd4 Ne6 23. Rxe4 Bxd5 24. cxd5
Nxf4 25. Bf3 (25. Bg4 $1 {was better.}) 25... Qg5 $36 {Naiditsch-Mamedyarov,
Fuegen 2006.}) 19... e5 20. Nd5 $36 {threatens b4, White has a huge initiative.
} (20. fxe5 Nxe5 21. Qxd6 Ncd3 22. Qxd8 Raxd8 23. Bxb6 Rc8 24. b3 Rc6 25. Be3
Nxc1 26. Rxc1 Nd3 27. Rd1 Nf4 28. Bf1 $44 {with some compensation, but no more,
Naiditsch-Navara, Sibenik 2011.})) 17. g3 Qf6 18. Qd2 $5 $146 {A very logical
novelty by Ivanchuk. White prepares for f4 and he protects the important
d4-square. The following moves are very forced.} ({In the event of} 18. f4 Bd4
19. Qd2 e5 {and Black tries to play on the dark squares} 20. Nd5 Qg6 $5 (20...
Qd8 21. Nbc3 Bxe3+ (21... Kh8 {was played against the ex-world champion} 22. f5
Nd7 23. Bf3 Bc5 24. Kg2 f6 25. Ne2 $16 {and White is better, Karpov-Olafsson,
Amsterdam 1976.}) 22. Qxe3 exf4 23. gxf4 Re8 24. b4 Nd7 25. Bg4 $1 (25. Kh1 Ne7
26. Bf3 Rc8 $132 {Nunn-Lautier, Monte Carlo rapid 1995}) 25... Nf6 26. Bf3 Nxd5
27. Nxd5 $36 {and White gained some space and initiative.}) 21. Bxd4 Nxe4 {
with a very sharp position.}) 18... Qg6 {Otherwise f4 is too strong.} 19. f4
Nxe4 (19... Bxc3 $6 20. Nxc3 Nxe4 21. Nxe4 Qxe4 22. Bd3 $1 Qf3 23. Rf1 $36) ({
or} 19... Bf6 $6 20. Bf3 $36 {and White is very active.}) 20. Nxe4 Qxe4 {
Wang Yue sacrifices a piece and he hopes that there are some dangerous threats
on the long diagonal.} 21. Kf2 $1 {A very good cool-blooded answer. Now Bd3 is
threatening to trap the black Q.} ({Now} 21. fxe5 $2 {loses because of} Nxe5
$19 {and the White's K is very weak.}) ({The immediate} 21. Bd3 {could have
been met by} Qf3 22. Be2 Nd4 $1) 21... Qf5 {Forced.} 22. g4 Qf6 23. g5 Qf5 24.
Ke1 $1 {A strong and strange move again...} Qe4 (24... f6 {was also possible
to open the f-file, however} 25. fxe5 Nxe5 26. Qxd6 Bf3 27. Rd4 $1 Bxe2 28.
Kxe2 Qf3+ 29. Kd2 Qf5 30. Kc3 {and the White K escapes.}) 25. fxe5 Qh1+ 26. Bf1
Nxe5 {Black's attack looks very dangerous, but Ivanchuk finds the best reply.}
27. Qf2 $1 b5 $1 {Wang Yue also sets very difficult task for his opponent.} 28.
c5 (28. Kd2 {is the main suggestion by Mr. Houdini3} Qe4 29. Qg3 bxc4 30. Nc3 (
{or} 30. Be2 {with a slight advantage, but to human eyes White's position
looks too dangerous.})) 28... dxc5 (28... Ng4 {was an interesting alternative}
29. Qg1 Nxe3 30. Qxe3 dxc5 31. Rxc5 Qxh2 (31... Bg2 32. Nd2 {and White is safe.
}) 32. Qf2 {followed by Nc3.}) 29. Bxc5 ({Objectively} 29. Qg3 $1 {was the best
} f6 {and only now} 30. Bxc5 fxg5 (30... Rf7 31. Nd2) (30... Nf3+ 31. Ke2 Nxh2
32. Nd2 $1) 31. Bxf8 Rxf8 32. Nd2 {and finally White protects everyting.})
29... Rfd8 $2 {A logical, but unfortunately a bad move.} (29... Nf3+ $1 {
was the correct reply} 30. Ke2 Nxh2 {to sacrifice the f8 R} 31. Bxf8 (31. Nd2
$5 Rfd8 $13 {also unclear.}) 31... Qe4+ 32. Qe3 Qg4+ 33. Kd2 Nxf1+ 34. Rxf1
Rd8+ 35. Ke1 Qh4+ {with perpetual checks.}) 30. Qg3 $1 Rd5 31. Rxd5 Qxd5 32.
Be3 Nf3+ 33. Kf2 {Now the White K is safe. Ivanchuk needs some exact moves and
White is winning.} Qxa2 34. Be2 Qxb2 35. Qc7 $1 {Also a very good move.} Nd4
36. Nd2 Rf8 {Prepares for f6, but...} 37. Rb1 $1 Qc2 38. Qxb7 Nxe2 39. Kxe2 Rd8
40. Re1 Qd3+ 41. Kf2 a5 42. Rc1 {What a fantastic struggle!} 1-0

[Event "EU-ch 12th"]
[Site "Aix les Bains"]
[Date "2011.03.26"]
[Round "5"]
[White "Haznedaroglu, Kivanc"]
[Black "Zakhartsov, Viacheslav V"]
[Result "1/2-1/2"]
[WhiteElo "2440"]
[BlackElo "2608"]
[Annotator "Zakhartsov,Vi"]
[PlyCount "89"]
[EventDate "2011.03.22"]
[EventType "swiss"]
[EventRounds "11"]
[EventCountry "FRA"]
[SourceTitle "CBM 142 Extra"]
[Source "ChessBase"]
[SourceDate "2011.06.27"]
[SourceVersion "1"]
[SourceVersionDate "2011.06.27"]
[SourceQuality "1"]

1. e4 c5 2. Nf3 e6 3. d4 cxd4 4. Nxd4 Nc6 5. Nb5 {A reliable. Earlier he has
played attacking systems} (5. Nc3 Qc7 6. Be3 a6 7. Qd2 ({or} 7. Bd3)) 5... d6
6. c4 Nf6 7. N1c3 a6 8. Na3 Be7 9. Be2 b6 10. O-O O-O 11. Be3 Ne5 12. Rc1 Bb7
13. f3 Qc7 14. Qe1 Rac8 15. Qf2 Ned7 16. Rfd1 Qb8 17. Kh1 d5 $5 {I spent about
30 minutes on this move, which turned out to be a novelty. Previously} (17...
Bd8) ({and} 17... Rfe8 {have been played.}) 18. cxd5 exd5 19. Nxd5 (19. exd5 b5
{would give Black excellent play:} 20. d6 Bxd6 21. Ba7 Bc5 {!}) 19... Nxd5 20.
exd5 b5 21. Bd3 (21. d6 Rxc1 22. Bxc1 Bxd6 23. Qd4 Re8 (23... Rc8 24. Nc4 Bc7
25. Qxd7 Rd8 26. Qg4 Rxd1+ 27. Bxd1 bxc4 28. Qxc4 Bxh2 29. Bb3 Qc7 30. Qxf7+
Qxf7 31. Bxf7+ Kxf7 32. Kxh2 {, and this should be a draw}) 24. Qxd6 Qxd6 25.
Rxd6 Rxe2 26. Kg1 Nf6 {with equality.}) 21... Rxc1 22. Bxc1 Rd8 ({Better would
be} 22... Nf6 {The computer indicates the following beautiful variation:} 23.
Bg5 (23. Qh4 h6 24. Nc2 (24. Bf4 Nxd5 {!}) (24. Bxh6 gxh6 25. Qxh6 Qe5) 24...
Re8 {, and Black should return the pawn}) 23... Qe5 (23... Rd8 {!?} 24. Qe1 Qd6
25. Bh4 Bxd5 26. Nc2 Qe6) 24. Qe1 Qxg5 25. Qxe7 Bxd5 26. Bxh7+ Kxh7 27. Qxf8
Ne4 $1 28. fxe4 (28. Rf1 Ng3+ 29. hxg3 Qh6+ 30. Kg1 Qe3+ 31. Rf2 Qc1+ {=})
28... Bxe4 29. Rg1 Bxg2+ 30. Rxg2 Qc1+ 31. Rg1 Qc6+ {with perpetual check.})
23. Qe1 Bd6 $6 (23... Re8 24. Nc2 Nf6 25. Nb4 Bd8) 24. Qh4 g6 25. Nb1 Re8 $2 {
Now White keeps his extra pawn.} (25... Be5 26. Nc3 Nb6 27. Bg5 Rd7) 26. Nc3 f5
27. Bh6 Be7 28. Bg5 Bd6 29. a3 Qc7 30. Bf1 (30. Re1 $1 {would be better.})
30... Qc5 31. Bf4 (31. Rc1 Qb6 32. Re1 {again gave White every chance of
converting his extra pawn.}) 31... Qc7 32. Bxd6 Qxd6 33. Qb4 $6 (33. Qg3) ({or
} 33. Qd4 {would be better}) 33... Qxb4 34. axb4 Nb6 35. Kg1 Rd8 {Now Black
returns the pawn.} 36. f4 Bxd5 37. g3 Rd7 38. Nxd5 Rxd5 39. Ra1 Nc4 40. Rxa6 (
40. Bxc4 bxc4 41. Rxa6 Rd2 {!} (41... Rd1+ 42. Kf2 Rd2+ 43. Ke3 Rd3+ (43...
Rxb2 44. Ra4 Rxh2 45. Kd4) 44. Ke2 Rb3 45. Kd2 Rxb4 46. Kc2 Kf7 47. Ra7+ Kg8
48. Ra2 Kf7 49. Kc3 {with winning chances}) 42. Rc6 Rc2 {should also be a draw.
}) 40... Rd1 41. Kf2 Rd2+ 42. Kf3 Rxb2 43. Bxc4+ bxc4 44. Rb6 Rb3+ 45. Kg2
1/2-1/2